Províncias do Brasil em 1872 - Statistics

Estatísticas Gerais
  • Esse quiz foi jogado 139 vezes
    133 desde o último reset
  • A pontuação média é 19 de 21
Respostas no mapa
Respostas codificadas por cores de uma escala verde-vermelha no mapa do quiz de acordo com a % correta abaixo.
 
Estatísticas das Respostas
Província % Correto
Matto Grosso
98%
Rio de Janeiro
98%
Amazonas
97%
Ceará
96%
Maranhão
96%
Pará
96%
Santa Catharina
96%
Bahia
95%
Goyaz
95%
Paraná
95%
Rio Grande do Sul
95%
Minas Geraes
94%
Piauhy
94%
Rio Grande do Norte
94%
São Paulo
94%
Alagôas
93%
Espírito Santo
93%
Parahyba
93%
Sergipe
93%
Pernambuco
92%
Município neutro
38%
Nenhum quiz correspondente encontrado
Distribuição das Pontuações
Porcentagem de Pessoas com Cada Pontuação
Percentil de Números Respondidos
Sua Pontuação Histórica
Você não jogou esse quiz desde o último reset